000
00266nam a2200097Ia 4500
001
641683
005
20250826153512.0
008
250824s9999 xx 000 0 und d
245
0
_a
KÜÇÜK KADINLAR GENÇLİK KLASİKLERİ
_c
LOUISA MAYALCOTT
260
_b
TİMAŞ ÇOCUK
999
_c
641683
_d
641683